Efectos secundarios (Record no. 178225)
[ view plain ]
| 000 -LEADER | |
|---|---|
| campo de control de longitud fija | 01059nam a2200265 i 4500 |
| 001 - NÚMERO DE CONTROL | |
| campo de control | 178225 |
| 003 - IDENTIFICADOR DE NÚMERO DE CONTROL | |
| campo de control | ES-MaACL |
| 005 - FECHA Y HORA DE LA ÚLTIMA TRANSACCIÓN | |
| campo de control | 20240129115324.0 |
| 008 - DATOS DE LONGITUD FIJA--INFORMACIÓN GENERAL | |
| campo de control de longitud fija | 110523s2009 bl |||| | spa d |
| 020 ## - NÚMERO INTERNACIONAL ESTÁNDAR DEL LIBRO | |
| Número Internacional Estándar del Libro | 978-989-95631-9-3 |
| 080 ## - NÚMERO DE LA CLASIFICACIÓN DECIMAL UNIVERSAL | |
| Número de la Clasificación Decimal Universal | 821.134.2-14"19" |
| 100 1# - ENTRADA PRINCIPAL--NOMBRE DE PERSONA | |
| Nombre de persona | Martínez i Ferrer, Antonio. |
| 9 (RLIN) | 146684 |
| 245 10 - MENCIÓN DEL TÍTULO | |
| Título | Efectos secundarios |
| Resto del título | = Efeitos secundários / |
| Mención de responsabilidad, etc. | Antonio Martínez i Ferrer. |
| 246 31 - FORMA VARIANTE DEL TITULO | |
| Título propio/Titulo breve | Efeitos secundários |
| 246 34 - FORMA VARIANTE DEL TITULO | |
| Texto de visualización | Subt. en cub. |
| Título propio/Titulo breve | Seguimiento del tratamiento con Interferón contra la Hepatitis C |
| Resto del título | = Seguência do tratamento com Interferón contra a Hepatite C |
| 260 ## - PUBLICACIÓN, DISTRIBUCIÓN, ETC. | |
| Lugar de publicación, distribución, etc. | Rio de Janeiro : |
| Nombre del editor, distribuidor, etc. | Canto Escuro, |
| Fecha de publicación, distribución, etc. | 2009. |
| 300 ## - DESCRIPCIÓN FÍSICA | |
| Extensión | 200 p. ; |
| Dimensiones | 21 cm. |
| 546 ## - NOTA DE IDIOMA | |
| Nota de lengua/lenguaje | Texto en español y portugués. |
| 700 1# - ENTRADA AGREGADA--NOMBRE PERSONAL | |
| Nombre de persona | Crespo Massieu, Antonio. |
| 9 (RLIN) | 41549 |
| 852 ## - LOCALIZACIÓN | |
| Ubicación | ES-MaACL |
| itemnumber | 185084 |
| Sublocalización o colección | R.145550 |
| Número de control de estantería | A-11232 |
| Ubicación en estantería | Depósito 1 |
| Signatura antigua | Olim: N-4236 |
| Encuadernación | Donación: Antonio Martínez y Ferrer |
| 903 ## - NOMBRE PERSONAL DE DONANTE | |
| 9 | 146684 |
| a | Martínez i Ferrer, Antonio |
| e | Donante |
| 942 ## - ELEMENTOS DE ENTRADA SECUNDARIOS (KOHA) | |
| Fuente del sistema de clasificación o colocación | Clasificación decimal universal |
| Tipo de ítem Koha | Libro impreso |
| Estatus retirado | Estado de pérdida | Fuente del sistema de clasificación o colocación | Estado de daño | No para préstamo | Biblioteca de origen | Biblioteca actual | Ubicación en estantería | Fecha de adquisición | Fuente de adquisición | Total de préstamos | Signatura topográfica completa | Código de barras | Visto por última vez | Precio de reemplazo | Tipo de ítem Koha |
|---|---|---|---|---|---|---|---|---|---|---|---|---|---|---|---|
| Clasificación decimal universal | Biblioteca del Ateneo de Madrid | Biblioteca del Ateneo de Madrid | Depósito 1 | 23/05/2011 | Donación | A-11232 | 1187219 | 23/02/2023 | 23/02/2023 | Libro impreso |
